[Event "Polanica Zdroj op-C 58th"]
[Site "Polanica Zdroj"]
[Date "2022.08.19"]
[Round "7"]
[White "Fikus, Zygmunt"]
[Black "Gromczak, Dariusz"]
[Result "0-1"]
[WhiteElo "1891"]
[BlackElo "1906"]
[PlyCount "98"]
[EventDate "2022.08.13"]
[EventType "swiss"]
[EventRounds "9"]
[EventCountry "POL"]
[SourceTitle "CBM 210 Extra"]
[Source "ChessBase"]
[SourceDate "2022.11.30"]
[SourceVersion "1"]
[SourceVersionDate "2022.11.30"]
[SourceQuality "1"]

1. c4 g6 2. g3 Bg7 3. Bg2 e6 4. Nc3 Ne7 5. e4 c5 6. d3 Nbc6 7. Be3 Nd4 8. h4 h5 9. f4 Rb8 10. Nf3 d5 11. 0-0 Nxf3+ 12. Qxf3 d4 13. f5 exf5 14. Bf4 dxc3 15. Bxb8 cxb2 16. Rab1 0-0 17. Bf4 fxe4 18. dxe4 Qd4+ 19. Kh2 Qxc4 20. Bd6 Re8 21. Qa3 Bd4 22. Rxb2 Bxb2 23. Qxb2 b6 24. Qf6 Qe6 25. Qf4 Nc6 26. Rf2 Nd4 27. Kg1 Qc4 28. Bf1 Qe6 29. Bh3 Ne2+ 30. Rxe2 Qxh3 31. Rf2 Qe6 32. e5 Bb7 33. Rd2 Qh3 34. Rh2 Qe6 35. Rd2 Qh3 36. Rh2 Qd7 37. Rd2 Qc6 38. Rh2 Bc8 39. Rf2 Be6 40. Qg5 Qe4 41. Qf4 Qb1+ 42. Kh2 Bd5 43. Rf1 Qxa2+ 44. Rf2 Qb1 45. Rf1 Qc2+ 46. Rf2 Qd1 47. Rf1 Qd3 48. e6 Qe2+ 49. Rf2 Qxe6 0-1

[Event "Polanica Zdroj op-C 58th"]
[Site "Polanica Zdroj"]
[Date "2022.08.17"]
[Round "5"]
[White "Wrzos, Waldemar"]
[Black "Fikus, Zygmunt"]
[Result "0-1"]
[WhiteElo "1610"]
[BlackElo "1891"]
[PlyCount "123"]
[EventDate "2022.08.13"]
[EventType "swiss"]
[EventRounds "9"]
[EventCountry "POL"]
[SourceTitle "CBM 210 Extra"]
[Source "ChessBase"]
[SourceDate "2022.11.30"]
[SourceVersion "1"]
[SourceVersionDate "2022.11.30"]
[SourceQuality "1"]

1. e4 c5 2. Nc3 Nc6 3. a3 Nf6 4. Bc4 e6 5. d3 Be7 6. Nge2 0-0 7. Bg5 a6 8. 0-0 b5 9. Ba2 Bb7 10. Ng3 h6 11. Bd2 Rc8 12. f4 Nd4 13. Nce2 Nxe2+ 14. Qxe2 d6 15. f5 e5 16. Nh5 d5 17. Nxf6+ Bxf6 18. Rad1 dxe4 19. dxe4 Qd4+ 20. Kh1 Qxe4 21. Qxe4 Bxe4 22. Be3 Rfd8 23. Rxd8+ Rxd8 24. h3 c4 25. Bb1 h5 26. Kh2 h4 27. g4 hxg3+ 28. Kxg3 a5 29. Kg4 Rd5 30. h4 b4 31. axb4 axb4 32. Ba2 b3 33. cxb3 cxb3 34. Bb1 Bxb1 35. Rxb1 Rd3 36. Re1 Rd5 37. Re2 Ra5 38. Bg5 Ra4+ 39. Kg3 Bxg5 40. hxg5 f6 41. g6 Kf8 42. Re3 Rb4 43. Rc3 Rb7 44. Rc8+ Ke7 45. Rg8 Kd6 46. Kf3 Rb4 47. Ke3 Rf4 48. Rxg7 Rxf5 49. Rf7 Ke6 50. Rf8 Rg5 51. Re8+ Kd7 52. Rg8 Ke7 53. Ke4 Rg4+ 54. Kf3 f5 55. Rg7+ Kf6 56. Rg8 Rxg6 57. Rb8 Rh6 58. Kg3 f4+ 59. Kg4 Rg6+ 60. Kf3 Rg3+ 61. Ke4 Re3+ 62. Kd5 0-1

[Event "Rubinstein Memorial op-C 57th"]
[Site "Polanica Zdroj"]
[Date "2021.08.21"]
[Round "8"]
[White "Bukowska, Katarzyna"]
[Black "Fikus, Zygmunt"]
[Result "0-1"]
[WhiteElo "1845"]
[BlackElo "1969"]
[PlyCount "100"]
[EventDate "2021.08.14"]
[EventType "swiss"]
[EventRounds "9"]
[EventCountry "POL"]
[SourceTitle "EXT 2023"]
[Source "ChessBase"]
[SourceDate "2022.10.05"]
[SourceVersion "1"]
[SourceVersionDate "2022.10.05"]
[SourceQuality "1"]

1. e4 c5 2. Nf3 d6 3. d4 cxd4 4. Nxd4 Nf6 5. Nc3 a6 6. Be2 e5 7. Nb3 Be7 8. 0-0 0-0 9. Kh1 b5 10. a4 b4 11. Nd5 Bb7 12. Nxb4 Bxe4 13. c4 Nc6 14. Nxc6 Bxc6 15. Be3 Nd7 16. f4 Qc7 17. Qc2 Rab8 18. Bf3 Bxf3 19. Rxf3 d5 20. Rh3 g6 21. fxe5 Qxc4 22. Qxc4 dxc4 23. Na5 Rfc8 24. Bd4 Bb4 25. Bc3 Bxa5 26. Bxa5 Rxb2 27. Bc3 Rb3 28. Kg1 Rcb8 29. Kf2 Nc5 30. Ke2 Nd3 31. Kd2 Rd8 32. Kc2 Nf4 33. Rf3 Ne6 34. Raf1 Rd7 35. Rb1 Rdb7 36. Rxb3 cxb3+ 37. Kb2 Nc5 38. Ka3 Nxa4 39. Kxa4 b2 40. Bxb2 Rxb2 41. Rg3 Kf8 42. Ka5 Ra2+ 43. Kb6 Ke7 44. Kc5 Ke6 45. h4 h5 46. Rf3 Rxg2 47. Rf6+ Kxe5 48. Rxf7 Rg4 49. Rg7 a5 50. Ra7 a4 0-1

[Event "Rubinstein Memorial op-C 57th"]
[Site "Polanica Zdroj"]
[Date "2021.08.18"]
[Round "5"]
[White "Fikus, Zygmunt"]
[Black "Uscinski, Marek"]
[Result "0-1"]
[WhiteElo "1969"]
[BlackElo "1799"]
[PlyCount "88"]
[EventDate "2021.08.14"]
[EventType "swiss"]
[EventRounds "9"]
[EventCountry "POL"]
[SourceTitle "EXT 2023"]
[Source "ChessBase"]
[SourceDate "2022.10.05"]
[SourceVersion "1"]
[SourceVersionDate "2022.10.05"]
[SourceQuality "1"]

1. c4 Nf6 2. Nf3 e6 3. g3 b6 4. Bg2 Bb7 5. Nc3 c5 6. d4 cxd4 7. Qxd4 Nc6 8. Qd1 Ne5 9. b3 Nxf3+ 10. exf3 Bb4 11. Bd2 d5 12. cxd5 Nxd5 13. Nxd5 Bxd2+ 14. Qxd2 Qxd5 15. Qxd5 Bxd5 16. 0-0 Rc8 17. Rac1 Kd7 18. f4 Kd6 19. Bxd5 Rxc1 20. Rxc1 exd5 21. f3 Re8 22. Kf2 a5 23. a3 g6 24. g4 Re7 25. Rc8 Kd7 26. Rc1 Re6 27. Rc2 f5 28. gxf5 gxf5 29. Re2 Rxe2+ 30. Kxe2 Kc6 31. Kd2 Kc5 32. Kd3 d4 33. a4 b5 34. axb5 Kxb5 35. Kxd4 Kb4 36. Ke5 Kxb3 37. Kxf5 a4 38. Ke6 a3 39. f5 a2 40. f6 a1Q 41. Ke7 Qe5+ 42. Kf7 Qxh2 43. Kg7 Qe5 44. Kg8 Qxf6 0-1

[Event "POL-chT 2st League"]
[Site "Mrzezyno"]
[Date "2010.09.06"]
[Round "3.35"]
[White "Fikus, Zygmunt"]
[Black "Wisniewski, Emil"]
[Result "0-1"]
[WhiteElo "2024"]
[BlackElo "1886"]
[PlyCount "67"]
[EventDate "2010.09.04"]
[EventType "team-swiss"]
[EventRounds "9"]
[EventCountry "POL"]
[SourceTitle "EXT 2019"]
[Source "ChessBase"]
[SourceDate "2018.10.10"]
[SourceVersion "1"]
[SourceVersionDate "2018.10.10"]
[SourceQuality "1"]
[WhiteTeam "Miedzyborow Wrzos"]
[BlackTeam "Gniezno LKS Chrobry"]
[WhiteTeamCountry "POL"]
[BlackTeamCountry "POL"]

1. d4 Nf6 2. Nc3 d5 3. Bg5 g6 4. Qd2 Bg7 5. f3 0-0 6. 0-0-0 c6 7. e4 dxe4 8. fxe4 e5 9. Nf3 Bg4 10. Be2 Bxf3 11. Bxf3 Nbd7 12. h4 Qa5 13. Qe3 exd4 14. Rxd4 Ne5 15. Ra4 Qb6 16. Qf4 Nfd7 17. Bh6 Nc5 18. Bxg7 Ned3+ 19. cxd3 Nxd3+ 20. Kc2 Nxf4 21. Bd4 Qd8 22. Bc5 Re8 23. Rd1 Qxh4 24. e5 Qh2 25. Bd6 Nxg2 26. Rd2 Ne3+ 27. Kd3 Qh6 28. Ne4 Nd5 29. Kc2 a6 30. Rad4 Qg7 31. Rxd5 cxd5 32. Nf6+ Kh8 33. Rh2 Rec8+ 34. Kd3 0-1

[Event "Chylice Fidelice Cup"]
[Site "Chylice"]
[Date "2009.10.10"]
[Round "2.1"]
[White "Eggink, Ryszard"]
[Black "Fikus, Zygmunt"]
[Result "1-0"]
[WhiteElo "1843"]
[BlackElo "2042"]
[PlyCount "107"]
[EventDate "2009.10.09"]
[EventType "swiss"]
[EventRounds "5"]
[EventCountry "POL"]
[SourceTitle "EXT 2023"]
[Source "ChessBase"]
[SourceDate "2022.10.05"]
[SourceVersion "1"]
[SourceVersionDate "2022.10.05"]
[SourceQuality "1"]

1. e4 c5 2. Nf3 Nc6 3. d4 cxd4 4. Nxd4 Nf6 5. Nc3 e5 6. Ndb5 d6 7. Bg5 a6 8. Na3 b5 9. Nd5 Be7 10. Bxf6 Bxf6 11. c3 0-0 12. Nc2 Kh8 13. Bd3 Be6 14. Nce3 Bg5 15. 0-0 Bxe3 16. Nxe3 Ne7 17. Kh1 d5 18. exd5 Nxd5 19. Nxd5 Bxd5 20. Qc2 Qh4 21. f3 Rab8 22. Rfe1 Rb6 23. Be4 Rh6 24. h3 Be6 25. Bf5 Qf4 26. Bxe6 Rxe6 27. Rad1 f5 28. Qd2 Qxd2 29. Rxd2 Rfe8 30. Kg1 Kg8 31. Kf2 Kf7 32. Red1 e4 33. Rd7+ Kf6 34. fxe4 Rxe4 35. R1d6+ R8e6 36. Rxe6+ Rxe6 37. Kf3 h6 38. Rd4 g5 39. a4 h5 40. axb5 axb5 41. Rd5 g4+ 42. hxg4 hxg4+ 43. Kf2 Re5 44. Rxe5 Kxe5 45. Kg3 Ke4 46. b3 Kd3 47. c4 bxc4 48. bxc4 Kxc4 49. Kf4 Kd5 50. Kxf5 g3 51. Kf4 Ke6 52. Kxg3 Kf7 53. Kg4 Kg7 54. Kg5 1-0

[Event "POL-chT 1st League"]
[Site "Ustron"]
[Date "2009.09.18"]
[Round "7"]
[White "Fikus, Zygmunt"]
[Black "Czyz, Artur"]
[Result "1/2-1/2"]
[WhiteElo "2042"]
[BlackElo "2072"]
[PlyCount "89"]
[EventDate "2009.09.12"]
[EventType "team-swiss"]
[EventRounds "9"]
[EventCountry "POL"]
[SourceTitle "CBM 132 Extra"]
[Source "ChessBase"]
[SourceDate "2009.11.03"]
[SourceVersion "1"]
[SourceVersionDate "2009.11.03"]
[SourceQuality "1"]
[WhiteTeam "Miedzyborow Wrzos"]
[BlackTeam "Wroclaw AZS Politechnika"]
[WhiteTeamCountry "POL"]
[BlackTeamCountry "POL"]

1. d4 Nf6 2. Nf3 g6 3. Bg5 Ne4 4. Bf4 d5 5. e3 Bg7 6. c3 Nd7 7. Nbd2 Nd6 8. Bd3 Nf6 9. Be5 0-0 10. Qc2 c6 11. h3 b6 12. b4 Bb7 13. a4 Nfe8 14. Bxg7 Nxg7 15. 0-0 Qc7 16. Nb3 Rad8 17. Ne5 f6 18. Ng4 Bc8 19. a5 Bxg4 20. hxg4 Qd7 21. f3 f5 22. gxf5 Ngxf5 23. Qf2 Ra8 24. axb6 axb6 25. e4 Rxa1 26. Nxa1 Ng7 27. e5 Nb5 28. c4 dxc4 29. Bxc4+ e6 30. Bxb5 cxb5 31. Rd1 Qd5 32. Nc2 Ra8 33. Ne3 Qb3 34. Rd2 Ra1+ 35. Kh2 Qxb4 36. g4 Qf8 37. Rc2 Qf4+ 38. Kg2 Qxd4 39. Rc8+ Kf7 40. Rc7+ Kf8 41. Rxg7 b4 42. Rb7 b3 43. Kh3 Rh1+ 44. Kg2 Ra1 45. Kh3 1/2-1/2

[Event "POL-chT 1st League"]
[Site "Ustron"]
[Date "2009.09.17"]
[Round "6"]
[White "Gritsak, Orest"]
[Black "Fikus, Zygmunt"]
[Result "1-0"]
[WhiteElo "2527"]
[BlackElo "2042"]
[PlyCount "53"]
[EventDate "2009.09.12"]
[EventType "team-swiss"]
[EventRounds "9"]
[EventCountry "POL"]
[SourceTitle "CBM 132 Extra"]
[Source "ChessBase"]
[SourceDate "2009.11.03"]
[SourceVersion "1"]
[SourceVersionDate "2009.11.03"]
[SourceQuality "1"]
[WhiteTeam "Lublin Drakon SKOK Chmielewskiego"]
[BlackTeam "Miedzyborow Wrzos"]
[WhiteTeamCountry "POL"]
[BlackTeamCountry "POL"]

1. c4 e6 2. Nf3 Nf6 3. d4 d5 4. Nc3 Be7 5. Bg5 Nbd7 6. e3 0-0 7. Rc1 Re8 8. a3 c6 9. Qc2 Qa5 10. Nd2 e5 11. Be2 exd4 12. Nb3 Qd8 13. Nxd4 dxc4 14. Bxc4 Ne5 15. Be2 Nd5 16. Bxe7 Nxe7 17. 0-0 Bg4 18. f3 Bh5 19. Rfd1 Bg6 20. Qb3 Qa5 21. f4 Nd7 22. Qxb7 Nb6 23. Qa6 Qxa6 24. Bxa6 Red8 25. Kf2 Nbd5 26. Nxc6 Nxc6 27. Rxd5 1-0

[Event "POL-chT 1st League"]
[Site "Ustron"]
[Date "2009.09.16"]
[Round "5"]
[White "Fikus, Zygmunt"]
[Black "Mista, Aleksander"]
[Result "0-1"]
[WhiteElo "2042"]
[BlackElo "2579"]
[PlyCount "76"]
[EventDate "2009.09.12"]
[EventType "team-swiss"]
[EventRounds "9"]
[EventCountry "POL"]
[SourceTitle "CBM 132 Extra"]
[Source "ChessBase"]
[SourceDate "2009.11.03"]
[SourceVersion "1"]
[SourceVersionDate "2009.11.03"]
[SourceQuality "1"]
[WhiteTeam "Miedzyborow Wrzos"]
[BlackTeam "Ostroda Ostrodzianka"]
[WhiteTeamCountry "POL"]
[BlackTeamCountry "POL"]

1. d4 g6 2. Nf3 Bg7 3. c4 d6 4. g3 Nf6 5. Bg2 0-0 6. 0-0 Nc6 7. Nc3 a6 8. Re1 Re8 9. h3 Bd7 10. e4 e5 11. d5 Nd4 12. Be3 Nxf3+ 13. Qxf3 Qc8 14. Bg5 Nh5 15. Kh2 b5 16. cxb5 axb5 17. a3 Qb7 18. Na2 Rf8 19. Qe2 f5 20. exf5 Rxf5 21. Be3 Raf8 22. Qd2 Qc8 23. Rac1 Nf4 24. Bxf4 exf4 25. g4 Re5 26. Rxe5 Bxe5 27. f3 Qd8 28. Rc2 Re8 29. Bf1 h5 30. Qf2 hxg4 31. fxg4 f3+ 32. Kh1 Qf6 33. Rd2 Kg7 34. Rd3 Bxg4 35. Nc3 Rh8 36. Kg1 Bf5 37. Qxf3 Bxd3 38. Qxf6+ Bxf6 0-1

[Event "POL-chT 1st League"]
[Site "Ustron"]
[Date "2009.09.12"]
[Round "1"]
[White "Fikus, Zygmunt"]
[Black "Staniszewski, Piotr"]
[Result "1/2-1/2"]
[WhiteElo "2042"]
[BlackElo "2381"]
[PlyCount "49"]
[EventDate "2009.09.12"]
[EventType "team-swiss"]
[EventRounds "9"]
[EventCountry "POL"]
[SourceTitle "CBM 132 Extra"]
[Source "ChessBase"]
[SourceDate "2009.11.03"]
[SourceVersion "1"]
[SourceVersionDate "2009.11.03"]
[SourceQuality "1"]
[WhiteTeam "Miedzyborow Wrzos"]
[BlackTeam "Ostrow Wielkopolski"]
[WhiteTeamCountry "POL"]
[BlackTeamCountry "POL"]

1. e3 c5 2. b3 Nf6 3. Bb2 e6 4. Nf3 b6 5. Be2 Bb7 6. c4 Be7 7. 0-0 0-0 8. Nc3 d6 9. d4 cxd4 10. Nxd4 a6 11. Bf3 Qc7 12. Rc1 Nbd7 13. Bxb7 Qxb7 14. Qe2 Ne5 15. f3 d5 16. cxd5 exd5 17. Nf5 Rfe8 18. Nxe7+ Rxe7 19. Qd2 Rae8 20. Rfe1 h6 21. Rcd1 a5 22. Nb5 Qc6 23. Nd4 Qc8 24. Rc1 Qa6 25. Rcd1 1/2-1/2

[Event "POL-chT 2nd League"]
[Site "Wysowa"]
[Date "2005.08.27"]
[Round "1.2"]
[White "Fikus, Zygmunt"]
[Black "Jasik, Krzysztof"]
[Result "0-1"]
[WhiteElo "2027"]
[BlackElo "2341"]
[PlyCount "107"]
[EventDate "2005.08.27"]
[EventType "team-swiss"]
[EventRounds "9"]
[EventCountry "POL"]
[SourceTitle "EXT 2019"]
[Source "ChessBase"]
[SourceDate "2018.10.10"]
[SourceVersion "1"]
[SourceVersionDate "2018.10.10"]
[SourceQuality "1"]
[WhiteTeam "Miedzyborow Wrzos"]
[BlackTeam "Brzeg Prokonex"]
[WhiteTeamCountry "POL"]
[BlackTeamCountry "POL"]

1. e3 c5 2. b3 e6 3. Bb2 Nf6 4. Nf3 Be7 5. Be2 0-0 6. 0-0 b6 7. d4 Bb7 8. c4 Ne4 9. dxc5 bxc5 10. Nbd2 f5 11. Qc2 Na6 12. a3 Rc8 13. Rad1 Qc7 14. Ne1 Bf6 15. Nd3 e5 16. f3 Nxd2 17. Rxd2 d6 18. Rfd1 Qf7 19. Nf2 Be7 20. e4 f4 21. Qc3 Nb8 22. b4 Nd7 23. b5 h5 24. Qa5 a6 25. bxa6 Bc6 26. a7 Qe8 27. Qa6 Ba8 28. Rxd6 Bxd6 29. Qxd6 Rf7 30. Qg6 Re7 31. Qg5 Rc7 32. Rd6 Rxa7 33. Rg6 Nf8 34. Rd6 Rad7 35. Rxd7 Nxd7 36. Nd3 Bb7 37. Bd1 Bc6 38. Bb3 Kf8 39. Kf2 Qb8 40. Bc2 Qd6 41. Qxh5 Ba4 42. Bb1 Bb3 43. Bc3 Bxc4 44. Qh8+ Kf7 45. Nb2 Bb3 46. g3 fxg3+ 47. hxg3 c4 48. f4 Qb6+ 49. Kg2 Qe3 50. Qh5+ Kg8 51. Bb4 Nf6 52. Qf3 Qc1 53. Qc3 Qxc3 54. Bxc3 0-1

[Event "POL-chT 2nd League"]
[Site "Polanica Zdroj"]
[Date "2004.09.09"]
[Round "8"]
[White "Mielczarski, Miroslaw"]
[Black "Fikus, Zygmunt"]
[Result "1-0"]
[WhiteElo "2256"]
[BlackElo "2000"]
[PlyCount "67"]
[EventDate "2004.09.04"]
[EventType "team-swiss"]
[EventRounds "11"]
[EventCountry "POL"]
[SourceTitle "CBM 102 Extra"]
[Source "ChessBase"]
[SourceDate "2004.11.03"]
[SourceVersion "1"]
[SourceVersionDate "2004.11.03"]
[SourceQuality "1"]
[WhiteTeam "Koszalin Hetman Politechnika"]
[BlackTeam "Miedzyborow Wrzos"]
[WhiteTeamCountry "POL"]
[BlackTeamCountry "POL"]

1. d4 Nf6 2. c4 g6 3. Nc3 d5 4. Nf3 Bg7 5. e3 0-0 6. b4 dxc4 7. Bxc4 a5 8. b5 Bg4 9. 0-0 Nbd7 10. Ba3 Nb6 11. Be2 Nbd5 12. Na4 Ne4 13. Rc1 Re8 14. h3 Bd7 15. Qb3 c6 16. Nc5 Nxc5 17. Bxc5 a4 18. Qb2 Rc8 19. bxc6 Bxc6 20. Bb5 Qa5 21. Bxc6 bxc6 22. Rc4 Ra8 23. Rb1 Qa6 24. Qc2 Rec8 25. e4 Nf6 26. Rcb4 e6 27. Rb7 a3 28. Ne5 Qa4 29. Qxa4 Rxa4 30. Nxc6 Bf8 31. Bxf8 Kxf8 32. Ne5 Nxe4 33. Rxf7+ Kg8 34. Rbb7 1-0